Climat - Les 9 limites planétaires - Statistiques

Statistiques générales
  • Ce quiz a été pris 72 fois
  • Le résultat moyen est 6 sur 9
Statistiques - réponses
Limite % Correct
1 Changement climatique
85%
6 Acidification des océans
78%
4 Utilisation d’eau douce
78%
2 Érosion de la biodiversité (biosphère)
74%
9 Pollution chimique (nouvelles entités)
70%
3 Modifications des usages des sols
67%
8 Diminution de la couche d’ozone
63%
5 Perturbation des cycles biochimiques de l'azote et du phosphore
48%
7 Aérosols atmosphériques
37%
Aucun quiz correspondant
Distribution des résultats
% des personnes avec chaque résultat
Percentile par nombre de réponses
Votre historique - résultats
Vous n’avez pas pris ce quiz